Artistas que más discos han vendido en el mundo - Estadísticas

Estadísticas generales
  • Esta prueba ha sido intentada 512 veces
  • La puntuación promedio es 29 de 100
Estadísticas de respuestas
Millones de discos vendidos Nacionalidad Artista % Correcto
325 EEUU Michael Jackson
90%
550 Reino Unido The Beatles
89%
175 Reino Unido Queen
78%
200 Reino Unido The Rolling Stones
73%
200 Barbados Rihanna
72%
175 Australia AC/DC
70%
290 EEUU Madonna
69%
150 Suecia ABBA
68%
75 Jamaica Bob Marley
67%
550 EEUU Elvis Presley
63%
85 EEUU Beyoncé
60%
100 Canadá Justin Bieber
60%
170 EEUU Taylor Swift
59%
75 EEUU Nirvana
58%
150 Irlanda U2
57%
100 Reino Unido Adele
55%
100 España Julio Iglesias
54%
119 EEUU Lady Gaga
54%
275 Reino Unido Elton John
53%
110 EEUU Metallica
51%
225 Reino Unido Pink Floyd
50%
155 EEUU Eminem
46%
100 EEUU Britney Spears
45%
250 Reino Unido Led Zeppelin
45%
190 Canadá Céline Dion
44%
100 EEUU Katy Perry
43%
190 EEUU Mariah Carey
42%
80 Reino Unido Coldplay
41%
100 EEUU Bruno Mars
39%
150 EEUU Frank Sinatra
39%
100 EEUU Guns N' Roses
39%
75 Reino Unido The Police
39%
175 EEUU Whitney Houston
39%
100 EEUU Bon Jovi
37%
100 EEUU Backstreet Boys
35%
75 EEUU Kiss
35%
100 EEUU Prince
33%
120 EEUU Bruce Springsteen
32%
100 Reino Unido David Bowie
32%
80 EEUU The Doors
32%
100 EEUU Bob Dylan
31%
150 EEUU Aerosmith
29%
100 EEUU The Beach Boys
29%
100 EEUU Jay-Z
27%
150 EEUU Eagles
26%
75 EEUU Green Day
26%
120 Reino Unido Bee Gees
24%
100 EEUU Cher
24%
80 Reino Unido George Michael
24%
100 Reino Unido The Who
24%
100 EEUU Tina Turner
24%
150 Reino Unido Phil Collins
23%
75 EEUU Aretha Franklin
22%
100 EEUU Stevie Wonder
21%
100 Reino Unido Dire Straits
20%
121 EEUU Kanye West
20%
100 Reino Unido Paul McCartney
20%
100 Canadá Bryan Adams
19%
150 EEUU Billy Joel
18%
100 Reino Unido Genesis
17%
100 EEUU Janet Jackson
15%
85 EEUU R.E.M.
15%
100 Reino Unido Rod Stewart
15%
100 Reino Unido Fleetwood Mac
13%
90 EEUU Santana
13%
100 Australia Olivia Newton-John
12%
145 EEUU Barbra Streisand
11%
75 Reino Unido Robbie Williams
11%
80 EEUU Van Halen
10%
100 EEUU Donna Summer
9%
100 EEUU Lionel Richie
9%
80 EEUU Red Hot Chilly Peppers
9%
76 EEUU The Black Eyed Peas
9%
75 EEUU Usher
9%
100 EEUU Barry White
8%
100 EEUU Chicago
8%
100 EEUU Kenny Rogers
8%
100 EEUU The Carpenters
8%
100 Reino Unido Def Leppard
7%
75 Irlanda Enya
7%
160 EEUU Garth Brooks
7%
90 EEUU Johnny Cash
7%
75 EEUU Journey
7%
90 EEUU Earth, Wind & Fire
6%
80 EEUU Meat Loaf
6%
100 EEUU Neil Diamond
6%
85 Canadá Shania Twain
6%
75 EEUU Alabama
5%
80 EEUU Flo Rida
5%
75 EEUU Kenny G.
5%
100 EEUU Lil Wayne
5%
80 EEUU Foreigner
4%
100 EEUU James Taylor
4%
86 Japón B'z
3%
100 EEUU George Strait
3%
80 Francia Johnny Hallyday
3%
80 EEUU Tom Petty
3%
80 EEUU Barry Manilow
2%
100 EEUU Linda Ronstadt
2%
80 EEUU Reba McEntire
1%
No se encontraron pruebas coincidentes
Distribución de puntuación
Porcentaje de gente con cada puntuación
Porcentaje por número respondido
Historial de tus puntuaciones
No has intentado esta prueba.